Tout le Monde veut prendre sa Place (finale 17/09/23) - Statistiques

Statistiques générales
  • Ce quiz a été pris 121 fois
  • Le résultat moyen est 4 sur 10
Statistiques - réponses
Réponse % Correct
Verte
94%
Le masque
88%
Le Pentathlon moderne
60%
Le Grand Palais
47%
Allez !
38%
Frida Kahlo
38%
Une licorne
38%
Arcimboldo
27%
Rome
12%
Hyacinthe Rigaud
6%
Aucun quiz correspondant
Distribution des résultats
% des personnes avec chaque résultat
Percentile par nombre de réponses
Votre historique - résultats
Vous n’avez pas pris ce quiz